00297 a2200133 4500003000500000005001700005040000900022082001200031100001800043245003000061260002800091300001400119538003000133Nust20170207154118.0 cNust a891.439 aNoshi Gillani aMohbtain jab sumaar karna aLahorebAl Hamid c1997 a346 pages aAlmirah No.67, Shelf No.1